¿Pecado original? / (Record no. 189440)
[ view plain ]
| 000 -LEADER | |
|---|---|
| campo de control de longitud fija | 00680nam a2200193 i 4500 |
| 001 - NÚMERO DE CONTROL | |
| campo de control | 189440 |
| 003 - IDENTIFICADOR DE NÚMERO DE CONTROL | |
| campo de control | ES-MaACL |
| 005 - FECHA Y HORA DE LA ÚLTIMA TRANSACCIÓN | |
| campo de control | 20230906223456.0 |
| 008 - DATOS DE LONGITUD FIJA--INFORMACIÓN GENERAL | |
| campo de control de longitud fija | 190603s1972 sp |||| | spa d |
| 100 1# - ENTRADA PRINCIPAL--NOMBRE DE PERSONA | |
| Nombre de persona | Scharbert, Josef. |
| 9 (RLIN) | 167195 |
| 245 11 - MENCIÓN DEL TÍTULO | |
| Título | ¿Pecado original? / |
| Mención de responsabilidad, etc. | José Scharbert ; [versión por D. Pedro R. Velasco Beteta]. |
| 260 ## - PUBLICACIÓN, DISTRIBUCIÓN, ETC. | |
| Lugar de publicación, distribución, etc. | Estella : |
| Nombre del editor, distribuidor, etc. | Verbo Divino, |
| Fecha de publicación, distribución, etc. | [1972] |
| 300 ## - DESCRIPCIÓN FÍSICA | |
| Extensión | 173 p. ; |
| Dimensiones | 19 cm. |
| 490 1# - MENCIÓN DE SERIE | |
| Mención de serie | Colección Biblia y Kerigma. Temas de Pastoral Bíblica ; |
| Designación de volumen o secuencia | 15 |
| 650 04 - PUNTO DE ACCESO ADICIONAL DE MATERIA--TÉRMINO DE MATERIA | |
| Término de materia o nombre geográfico como elemento de entrada | Pecado original. |
| 9 (RLIN) | 15902 |
| 830 0# - PUNTO DE ACCESO ADICIONAL DE SERIE-TÍTULO UNIFORME | |
| Título uniforme | Colección Biblia y Kerigma. Temas de Pastoral Bíblica ; |
| Designación de volumen o secuencia | 15 |
| 9 (RLIN) | 225833 |
| 852 ## - LOCALIZACIÓN | |
| Ubicación | ES-MaACL |
| Número de control de estantería | P-565-Bis-15 |
| Estatus retirado | Estado de pérdida | Estado de daño | No para préstamo | Biblioteca de origen | Biblioteca actual | Ubicación en estantería | Fecha de adquisición | Fuente de adquisición | Total de préstamos | Signatura topográfica completa | Código de barras | Visto por última vez | Precio de reemplazo | Tipo de ítem Koha |
|---|---|---|---|---|---|---|---|---|---|---|---|---|---|---|
| Biblioteca del Ateneo de Madrid | Biblioteca del Ateneo de Madrid | Depósito 2 | 03/06/2019 | P-565-Bis-15 | 1200715 | 23/02/2023 | 23/02/2023 | Libro impreso |
